00370nam a2200121 a 450000500170000000800410001705000230005810000090008124500520009026000550014244000320019765000190022920140414131952.0100823s19uu xx 00 eng d aTR 428.2bL48 2004 aLEAD aBe your own english teacher! :bgrammar review. aManila, Philippines :bMiflores Publishing,c2004. aThe Miflores English Series aGrammar review